000 01165nam a2200205Ii 4500
003 JO-AjNU
008 230605s9999||||xx |||||||||||||| ||und||
020 _a978-9953-78-303-1
040 _aJO-AjNU
_bara
_erda
_cJO-AjNU
041 _aara
050 1 4 _aCB53.D8712 2010
100 3 _aديورانت، ول وايريل؛ ترجمة محمد بدران,
_eauthor
_960420
245 0 0 _aقصة الحضارة: قيصر والمسيح او الحضارة الرومانية عصر الايمان، ج11-12 ،مجلد 3، الجزء الثالث، المجلد الرابع، الجزء الاول
264 3 1 _aبيروت،تونس: دار الجيل للنشر والطباعة والتوزيع،المنظمة العربية للتربية والثقافة والعلوم، 2010
300 _aج11-12 ،مجلد 3، الجزء الثالث، المجلد الرابع، الجزء الاول: ترقيم متعدد
_b ويحتوي على قائمة مراجع و فهرس اعلام من 307ص- 348ص
336 _atext
_btxt
_2rdacontent
337 _aunmediated
_bn
_2rdamedia
338 _avolume
_bnc
_2rdacarrier
650 4 _aالحضارة-تاريخ
_960421
999 _aA27244
_c30812
_d30812